लोड हो रहा है...

President Nixon;a political portrait

ग्रंथसूची विवरण
मुख्य लेखक: Mazo, Earl
स्वरूप: Printed Book
भाषा:English
प्रकाशित: London Lyall Book Depot 1967
LEADER 00471nam a22001457a 4500
005 20151215125141.0
008 091103t xxu||||| |||| 00| 0 eng d
082 |a V73,Iw   |b K8 
100 |a Mazo, Earl   |9 6977 
245 |a President Nixon;a political portrait 
300 |a 326p. 
942 |c BK  |6 _ 
260 |a London  |b Lyall Book Depot  |c 1967 
999 |c 98237  |d 98237 
952 |0 0  |1 0  |2 ddc  |4 0  |6 V73IW_K8  |7 0  |9 123792  |a SMS  |b SMS  |c GEN  |d 2009-11-03  |o V73,Iw K8  |p SMS004637  |r 2009-11-03  |w 2009-11-03  |y BK